Destrava-lengas (Registo nº 36143)

Detalhes MARC
000 -Etiqueta do registo
Valores 00678nam a2200241 4500
010 ## - Número ISBN
ISBN 9789722420396
021 ## - Número do Depósito Legal
Código do país Portugal
100 ## - Dados gerais de processamento
Dados gerais 20240325 pory50
101 0# - Língua de publicação
Língua Português
102 ## - País de publicação
País Portugal
200 1# - Titulo e menção de responsabilidade
Título próprio Destrava-lengas
Informação de outro título trava-línguas e lengalengas
Primeira menção de responsabilidade Luísa Ducla Soares
Outras menções de responsabilidade il. Helder Teixeira Peleja
210 #9 - Publicação
Local de publicação [S.l.]
Nome do editor Livros Horizonte,
Data de publicação 2022
215 ## - Descrição física 
Paginação / Volumes 37 p.
Outras indicações físicas il.
Dimensões 27 cm
225 2# - Colecção 
Título próprio da colecção Álbuns
675 ## - CDU
Notação 087.5
Edição BN
Língua por
675 ## - CDU
Notação 398(=1:469)(0.053.5)
Edição BN
Língua por
700 #1 - Autor principal
Apelido Soares,
Nome Luísa Ducla,
Datas 1939-
ID Autoridade 2431
702 #1 - Autor secundário
Apelido Peleja,
Nome Helder Teixeira,
Datas 1978-
Função Ilustrador
801 #0 - Fonte de origem
País PT
Agência BN
Regras de catalogação RPC
090 ## - Tipo de documento
Koha biblioitem number (autogenerated) 36143
990 ## - Elementos KOHA
Tipo de documento Livro
994 ## - Estado da catalogação
Situação Completo
Exemplares
Situação do levantamento Situação do extravio Biblioteca de origem Biblioteca de empréstimo Código de barras Cota Permissão de empréstimo Tipo de documento Forma de aquisição
  Completo Biblioteca da Escola Básica e Secundária Dr Isidoro de Sousa Biblioteca da Escola Básica e Secundária Dr Isidoro de Sousa 8342 087.5 SOA Disponível Livro  




Powered by Koha